| 000 | 00559nam a2200121Ia 4500 | ||
|---|---|---|---|
| 008 | 220620s9999||||xx |||||||||||||| ||und|| | ||
| 100 | _aHiroki Nada (Ed.) | ||
| 245 | 0 | _aAdvances in Computer Simulation Studies on Crystal Growth | |
| 546 | _aEnglish[eng] | ||
| 650 | _anucleation||continuum simulation||molecular dynamics simulation||computer simulation||first-principles simulation||multiscale simulation||crystal growth||surface and interface||pattern formation||Monte Carlo simulation | ||
| 856 | _uhttps://www.mdpi.com/books/pdfview/book/863 | ||
| 942 | _cEB | ||
| 999 |
_c22912 _d22912 |
||